=LDR 00000nam 2200000 4500 =001 INLIS000000000020674 =005 20130612115618 =008 ***********************************Ind** =035 ##$$0010-061300000020674 =041 ##$$a Ind =082 ##$$a F Rom K =090 ##$$a F Rom K, Rah d =100 ##$$a Rahimsyah MB =245 ##$$a Dogeng islami, MB Rahimsyah =260 ##$$a 2003 $b Jombang =300 ##$$a 160 hlm, ilus, 19 cm =650 ##$$a Fiksi kanak-kanak =850 ##$$a NBPNMAT